A Richter Gedeon Nyrt. vagyoni-, pénzügyi és jövedelmezőségi helyzetének értékelése több év beszámolói alapján
| Szerző: | |
|---|---|
| További közreműködők: | |
| Dokumentumtípus: | Projektmunka |
| Kulcsszavak: | beszámoló beszámoló(k) elemzése cégelemzés éves beszámoló elemzése gyógyszeripar |
| Online Access: | http://dolgozattar.uni-bge.hu/60331 |
MARC
| LEADER | 00000nnm a2200000 i 4500 | ||
|---|---|---|---|
| 001 | dolg60331 | ||
| 005 | 20260409150439.0 | ||
| 008 | 260409suuuu hu o 000 hun d | ||
| 040 | |a BGE Dolgozattár Repozitórium |b hun | ||
| 041 | |a hu | ||
| 100 | 1 | |a Ágoston Mercédesz | |
| 245 | 1 | 2 | |a A Richter Gedeon Nyrt. vagyoni-, pénzügyi és jövedelmezőségi helyzetének értékelése több év beszámolói alapján |c Ágoston Mercédesz |h [elektronikus dokumentum] |
| 516 | |a Project_work | ||
| 520 | 3 | |a A dolgozat célja annak bemutatása volt, hogy a pénzügyi és számviteli elemzés milyen szerepet tölt be a vállalati döntéshozatalban, valamint a hosszú távú gazdasági stabilitás megteremtésében. A kutatás középpontjában két különböző, de egymást kiegészítő vállalat – a Deloitte Magyarország és a Richter Gedeon Nyrt. – vizsgálata állt, amelyek elemzése rávilágított a számviteli adatok mögött meghúzódó üzleti folyamatok és stratégiai döntések jelentőségére. A témaválasztás hátterében a könyvvizsgálati területen szerzett szakmai tapasztalataim álltak, amelyek során nap mint nap találkozom vállalati beszámolókkal és azok elemzésével. Ezek a tapasztalatok megerősítették bennem, hogy a pénzügyi kimutatások nem csupán jogszabályi kötelezettségek, hanem a vállalat valós működésének lenyomatai. A dolgozat ennek a felismerésnek a mentén készült: célja annak feltárása volt, hogy a pénzügyi adatok értelmezése miként járul hozzá a vállalatok felelős és fenntartható működéséhez. A Deloitte Magyarország példáján keresztül a dolgozat a mérlegelemzés módszertani és gyakorlati oldalát mutatta be, kiemelve, hogy a pénzügyi stabilitás és az átlátható tőkeszerkezet a tanácsadói szektor hosszú távú működésének alapja. A szakmai gyakorlat során szerzett tapasztalatok megerősítették, hogy a mérlegelemzés nem pusztán technikai feladat, hanem stratégiai eszköz, amely segíti a megalapozott döntéshozatalt. A Richter Gedeon Nyrt. elemzése ezzel szemben a vállalati pénzügyi teljesítmény és jövedelmezőség értékelésére összpontosított. A 2021–2024 közötti időszak vizsgálata során kiderült, hogy a vállalat vagyoni, pénzügyi és jövedelmezőségi szempontból is kiegyensúlyozott növekedést ért el. A stabil tőkeszerkezet, a magas likviditás és az innovációra épülő stratégia mind hozzájárultak ahhoz, hogy a Richter a hazai gyógyszeripar meghatározó és nemzetközileg is elismert szereplője maradhasson. A dolgozat végső megállapítása, hogy a pénzügyi és számviteli elemzés nem csupán a múlt értékelését szolgálja, hanem a jövő iránytűje is. A Deloitte és a Richter példája egyaránt azt mutatja, hogy a stabil pénzügyi háttér, az átlátható számviteli gyakorlat és az innovációra épülő stratégiai szemlélet elengedhetetlen a fenntartható vállalati sikerhez. | |
| 695 | |a beszámoló | ||
| 695 | |a beszámoló(k) elemzése | ||
| 695 | |a cégelemzés | ||
| 695 | |a éves beszámoló elemzése | ||
| 695 | |a gyógyszeripar | ||
| 700 | 1 | |a Szabó Szabolcs |e ths | |
| 856 | 4 | 0 | |u http://dolgozattar.uni-bge.hu/60331/1/Z%C3%A1r%C3%B3dolgozat.pdf |z Dokumentum-elérés |
| 856 | 4 | 0 | |u http://dolgozattar.uni-bge.hu/60331/2/agoston_mercedesz_biralat.pdf |z Dokumentum-elérés |